<?xml version="1.0" encoding="UTF-8"?>
<record
    xmlns:xsi="http://www.w3.org/2001/XMLSchema-instance"
    xsi:schemaLocation="http://www.loc.gov/MARC21/slim http://www.loc.gov/standards/marcxml/schema/MARC21slim.xsd"
    xmlns="http://www.loc.gov/MARC21/slim">

  <leader>01319nam a22002537a 4500</leader>
  <controlfield tag="003">NALT</controlfield>
  <controlfield tag="005">20230714143704.0</controlfield>
  <controlfield tag="008">230710b        th ||||| |||| 00| 0 tha d</controlfield>
  <datafield tag="020" ind1=" " ind2=" ">
    <subfield code="a">9789740332695</subfield>
  </datafield>
  <datafield tag="040" ind1=" " ind2=" ">
    <subfield code="a">NALT</subfield>
  </datafield>
  <datafield tag="050" ind1=" " ind2=" ">
    <subfield code="a">HN 700.55.Z9C6</subfield>
    <subfield code="b">&#xE08;484&#xE2B; 2559</subfield>
  </datafield>
  <datafield tag="100" ind1="0" ind2=" ">
    <subfield code="9">41522</subfield>
    <subfield code="a">&#xE08;&#xE34;&#xE19;&#xE15;&#xE27;&#xE35;&#xE23;&#xE4C; &#xE40;&#xE01;&#xE29;&#xE21;&#xE28;&#xE38;&#xE02;</subfield>
  </datafield>
  <datafield tag="245" ind1="1" ind2="0">
    <subfield code="a">&#xE2B;&#xE25;&#xE31;&#xE01;&#xE01;&#xE32;&#xE23;&#xE21;&#xE35;&#xE2A;&#xE48;&#xE27;&#xE19;&#xE23;&#xE48;&#xE27;&#xE21;&#xE01;&#xE31;&#xE1A;&#xE01;&#xE32;&#xE23;&#xE1E;&#xE31;&#xE12;&#xE19;&#xE32;&#xE0A;&#xE38;&#xE21;&#xE0A;&#xE19;&#xE2D;&#xE22;&#xE48;&#xE32;&#xE07;&#xE22;&#xE31;&#xE48;&#xE07;&#xE22;&#xE37;&#xE19; /</subfield>
    <subfield code="c">&#xE08;&#xE34;&#xE19;&#xE15;&#xE27;&#xE35;&#xE23;&#xE4C; &#xE40;&#xE01;&#xE29;&#xE21;&#xE28;&#xE38;&#xE02;.</subfield>
  </datafield>
  <datafield tag="250" ind1=" " ind2=" ">
    <subfield code="a">&#xE1E;&#xE34;&#xE21;&#xE1E;&#xE4C;&#xE04;&#xE23;&#xE31;&#xE49;&#xE07;&#xE17;&#xE35;&#xE48; 2.</subfield>
  </datafield>
  <datafield tag="260" ind1=" " ind2=" ">
    <subfield code="a">&#xE01;&#xE23;&#xE38;&#xE07;&#xE40;&#xE17;&#xE1E;&#xE2F; :</subfield>
    <subfield code="b">&#xE2A;&#xE33;&#xE19;&#xE31;&#xE01;&#xE1E;&#xE34;&#xE21;&#xE1E;&#xE4C;&#xE41;&#xE2B;&#xE48;&#xE07;&#xE08;&#xE38;&#xE2C;&#xE32;&#xE25;&#xE07;&#xE01;&#xE23;&#xE13;&#xE4C;&#xE21;&#xE2B;&#xE32;&#xE27;&#xE34;&#xE17;&#xE22;&#xE32;&#xE25;&#xE31;&#xE22;,</subfield>
    <subfield code="c">2559.</subfield>
  </datafield>
  <datafield tag="300" ind1=" " ind2=" ">
    <subfield code="a">77 &#xE2B;&#xE19;&#xE49;&#xE32; : </subfield>
    <subfield code="b">&#xE20;&#xE32;&#xE1E;&#xE1B;&#xE23;&#xE30;&#xE01;&#xE2D;&#xE1A; ; </subfield>
    <subfield code="c">21 &#xE0B;&#xE21;.</subfield>
  </datafield>
  <datafield tag="650" ind1=" " ind2="4">
    <subfield code="9">20079</subfield>
    <subfield code="a">&#xE01;&#xE32;&#xE23;&#xE1E;&#xE31;&#xE12;&#xE19;&#xE32;&#xE0A;&#xE38;&#xE21;&#xE0A;&#xE19; </subfield>
    <subfield code="x">&#xE01;&#xE32;&#xE23;&#xE21;&#xE35;&#xE2A;&#xE48;&#xE27;&#xE19;&#xE23;&#xE48;&#xE27;&#xE21;&#xE02;&#xE2D;&#xE07;&#xE1B;&#xE23;&#xE30;&#xE0A;&#xE32;&#xE0A;&#xE19;</subfield>
  </datafield>
  <datafield tag="650" ind1=" " ind2="4">
    <subfield code="9">61101</subfield>
    <subfield code="a">&#xE01;&#xE32;&#xE23;&#xE1E;&#xE31;&#xE12;&#xE19;&#xE32;&#xE41;&#xE1A;&#xE1A;&#xE22;&#xE31;&#xE48;&#xE07;&#xE22;&#xE37;&#xE19;</subfield>
    <subfield code="x">&#xE01;&#xE32;&#xE23;&#xE21;&#xE35;&#xE2A;&#xE48;&#xE27;&#xE19;&#xE23;&#xE48;&#xE27;&#xE21;&#xE02;&#xE2D;&#xE07;&#xE1B;&#xE23;&#xE30;&#xE0A;&#xE32;&#xE0A;&#xE19;</subfield>
  </datafield>
  <datafield tag="850" ind1=" " ind2=" ">
    <subfield code="a">NALT</subfield>
  </datafield>
  <datafield tag="942" ind1=" " ind2=" ">
    <subfield code="c">GB</subfield>
    <subfield code="2">lcc</subfield>
  </datafield>
  <datafield tag="996" ind1=" " ind2=" ">
    <subfield code="a">chunbijaya.r</subfield>
    <subfield code="b">CATSTF	</subfield>
    <subfield code="c">2023-07-10</subfield>
  </datafield>
  <datafield tag="996" ind1=" " ind2=" ">
    <subfield code="a">saiphon.d</subfield>
    <subfield code="b">CATSTF	</subfield>
    <subfield code="c">2023-07-14</subfield>
  </datafield>
  <datafield tag="999" ind1=" " ind2=" ">
    <subfield code="c">102338</subfield>
    <subfield code="d">102338</subfield>
  </datafield>
  <datafield tag="998" ind1=" " ind2=" ">
    <subfield code="j">104</subfield>
    <subfield code="k"> &#xE19;&#xE32;&#xE07;&#xE2A;&#xE32;&#xE27;&#xE2A;&#xE32;&#xE22;&#xE1D;&#xE19;  &#xE14;&#xE35;&#xE07;&#xE32;&#xE21;</subfield>
  </datafield>
  <datafield tag="952" ind1=" " ind2=" ">
    <subfield code="0">0</subfield>
    <subfield code="1">0</subfield>
    <subfield code="2">lcc</subfield>
    <subfield code="4">0</subfield>
    <subfield code="7">0</subfield>
    <subfield code="8">CGBL</subfield>
    <subfield code="a">NALT</subfield>
    <subfield code="b">NALT</subfield>
    <subfield code="c">GEN</subfield>
    <subfield code="d">2023-07-10</subfield>
    <subfield code="o">HN 700.55.Z9C6 &#xE08;484&#xE2B; 2559</subfield>
    <subfield code="p">3961223246</subfield>
    <subfield code="r">2023-07-26 00:00:00</subfield>
    <subfield code="w">2023-07-10</subfield>
    <subfield code="y">GB</subfield>
  </datafield>
</record>
